Library Banner

The amzing story of Pakistan's Christians / (Record no. 139506)

MARC details
000 -LEADER
fixed length control field 00546nam a22001817a 4500
005 - DATE AND TIME OF LATEST TRANSACTION
control field 20260101102545.0
008 - FIXED-LENGTH DATA ELEMENTS--GENERAL INFORMATION
fixed length control field 260101b |||||||| |||| 00| 0 eng d
020 ## - INTERNATIONAL STANDARD BOOK NUMBER
International Standard Book Number 9781915046826 (pbk)
040 ## - CATALOGING SOURCE
Transcribing agency PK-LaUMT
082 ## - DEWEY DECIMAL CLASSIFICATION NUMBER
Classification number 270.095491
Item number WAK-A
100 ## - MAIN ENTRY--PERSONAL NAME
Personal name Wakely, Michael
245 ## - TITLE STATEMENT
Title The amzing story of Pakistan's Christians /
Statement of responsibility, etc by Michael Wakely
260 ## - PUBLICATION, DISTRIBUTION, ETC. (IMPRINT)
Place of publication, distribution, etc UK :
Name of publisher, distributor, etc Malcolm Down Pubklishing,
Date of publication, distribution, etc 2024
300 ## - PHYSICAL DESCRIPTION
Extent 192 p.
650 ## - SUBJECT ADDED ENTRY--TOPICAL TERM
Topical term or geographic name as entry element Church history-Pakistan
650 ## - SUBJECT ADDED ENTRY--TOPICAL TERM
Topical term or geographic name as entry element Christianity history-Pakistan
942 ## - ADDED ENTRY ELEMENTS (KOHA)
Koha item type Books
Holdings
Withdrawn status Lost status Damaged status Home library Current library Date acquired Full call number Barcode Date last seen Price effective from Koha item type
      UMT Main Campus UMT Main Campus 2026-01-01 270.095491 WAK-A 151312 2026-01-01 2026-01-01 Books